Most Produced Tanks In US History - Statistics

General Stats
  • This quiz has been taken 36 times
  • The average score is 7 of 15
Answer Stats
# Produced Answer % Correct
50,000 M4
100%
6,258 M3
93%
10,000 M1
90%
4,731 M24
69%
4,550 M26
62%
12,000 M48
62%
15,000 M60
62%
1,160 M46
59%
3,728 M41
48%
8,676 M47
45%
22,744 M3 Stuart
21%
1,562 M551
17%
8,884 M5 Stuart
14%
1,000 Sherman Crab
3%
2,617 Sherman Easy Eight
3%
No matching quizzes found
Score Distribution
Percent of People with Each Score
Percentile by Number Answered
Your Score History
You have not taken this quiz